| 000 | 00857na a2200277 4500 | ||
|---|---|---|---|
| 001 | 13921 | ||
| 003 | MIRAKIL | ||
| 005 | 20181213155020.0 | ||
| 008 | 160822b tu 000 0 | ||
| 020 | _a9751714974 | ||
| 035 | _a13921 | ||
| 040 |
_aMilas _btur _cTR-AnCHP |
||
| 082 |
_aATA 923.156 _bE66a 1986 |
||
| 090 | _aATA 923.156 E66a 1986 | ||
| 100 | _aEroğlu, Hamza | ||
| 245 |
_aAtatürk _bhayatı ve üstün kişiliği _cHamza Eroğlu |
||
| 246 | _ahayatı ve üstün kişiliği | ||
| 260 |
_aAnkara _bKültür Bakanlığı _c1986 |
||
| 300 |
_axi, 340 s. _c18 sm. |
||
| 490 |
_aAtatürk dizisi _v43 |
||
| 490 |
_aT.C. Kültür Bakanlığı Yayınları _v1714 |
||
| 504 | _aKaynakça var. | ||
| 600 |
_aAtatürk, Mustafa Kemal _d1881-1938 _xKişilik |
||
| 600 |
_aAtatürk, Mustafa Kemal _d1881-1938 _xYaşamöyküsü |
||
| 942 |
_2ddc _cBKS |
||
| 999 |
_c4866 _d4866 |
||